000 00869cam a2200193 4500
001 WB3835-02
008 020926n2002 000 0 eng u
035 _a(Sirsi) u119870
245 4 _aThe new wembley stadium
260 _c2002
490 _aThis is Wembley Stadium News Release
_v 26 September 2002, (4)
520 _aThe Football Association announced that work is beginning on the new Wembley Stadium. Actual demolition will take place of the old stadium in October. The basic building cost will be £352m; the total project cost being £757m with the stadium opening in 2006. For the News Release: http://www.wembleynationalstadium.co.uk/new/stadium/latest.asp?NewsID=39
590 _aWB
650 _aWEMBLEY STADIUM
650 _aFOOTBALL ASSOCIATION
650 _aCONSTRUCTION PROJECTS
690 _aBUILDING AND CONSTRUCTION-PROJECTS
942 _n0
999 _c71243
_d71243